Bài tập Ngữ văn 10
Bộ sách gồm hai loại bài tập: một phần là những bài tập trong sách giáo khoa và phần còn lại là những bài tập mới theo ba phần Văn học, Tiếng Việt và Làm văn thuộc chương trình Ngữ văn Lớp 10. Bộ sách giúp học sinh nâng cao kiến thức,...
Spremljeno u:
| Glavni autor: | |
|---|---|
| Format: | Knjiga |
| Jezik: | Undetermined |
| Izdano: |
Hà Nội
Giáo dục
2008
|
| Teme: | |
| Oznake: |
Dodaj oznaku
Bez oznaka, Budi prvi tko označuje ovaj zapis!
|
| Thư viện lưu trữ: | Trung tâm Học liệu Trường Đại học Cần Thơ |
|---|
| LEADER | 01145nam a2200217Ia 4500 | ||
|---|---|---|---|
| 001 | CTU_157691 | ||
| 008 | 210402s9999 xx 000 0 und d | ||
| 020 | |c 4800 | ||
| 082 | |a 495.922076 | ||
| 082 | |b L502/T.2/L.10 | ||
| 100 | |a Phan, Trọng Luận | ||
| 245 | 0 | |a Bài tập Ngữ văn 10 | |
| 245 | 0 | |c Phan Trọng Luận chủ biên | |
| 260 | |a Hà Nội | ||
| 260 | |b Giáo dục | ||
| 260 | |c 2008 | ||
| 520 | |a Bộ sách gồm hai loại bài tập: một phần là những bài tập trong sách giáo khoa và phần còn lại là những bài tập mới theo ba phần Văn học, Tiếng Việt và Làm văn thuộc chương trình Ngữ văn Lớp 10. Bộ sách giúp học sinh nâng cao kiến thức, kĩ năng làm văn và quan trọng hơn là khả năng tư duy độc lập và sáng tạo. | ||
| 650 | |a Vietnamese language | ||
| 650 | |x Study and teaching (Secondary) | ||
| 904 | |i Bạch Trúc( Tuyến sửa số pl 495.9220712 thành 495.922076) | ||
| 980 | |a Trung tâm Học liệu Trường Đại học Cần Thơ | ||